|
|
|
|
| LEADER |
00000nab a2200000 ar4500 |
| 001 |
vtls008771559 |
| 003 |
SK-MaSNL |
| 005 |
20260305020509.0 |
| 008 |
060608c2004 xo wr|p|||||||000 b|slo |
| 015 |
|
|
|a SNBRB2006/06
|2 snkbucl
|
| 038 |
|
|
|a SNKBUCL
|
| 040 |
|
|
|a SNKBUCL
|b slo
|c SNKBUCL
|e AACR2
|
| 041 |
0 |
|
|a slo
|
| 044 |
|
|
|a xo
|c SK
|
| 080 |
|
|
|a 327(73:567)
|2 2001
|
| 080 |
|
|
|a 323.258
|2 2001
|
| 080 |
|
|
|a 355.4
|2 2001
|
| 080 |
|
|
|a 323
|x (567)
|2 2001
|
| 100 |
1 |
|
|a Sťahel, Richard,
|d 1974-
|4 aut
|9 170640
|
| 245 |
1 |
0 |
|a Iračania poľujú na cudzincov
|c Richard Sťahel
|
| 300 |
|
|
|b Fotogr.
|
| 650 |
0 |
7 |
|a iracká vojna, 2003-2010
|2 snkbucl
|9 200975
|
| 651 |
|
7 |
|a Spojené štáty americké
|2 snkbucl
|9 18262
|
| 651 |
|
7 |
|a Irak
|2 snkbucl
|9 28953
|
| 773 |
0 |
|
|t Live
|g Roč. I., č. 4 (2004), s. 22-25
|x 1336-4650
|
| 852 |
|
|
|a SNK
|b KIS3GCP
|
| 958 |
|
|
|a US
|
| 958 |
|
|
|a IQ
|
| 999 |
|
|
|c 3281014
|d 3282944
|